01124nam a2200301 a 4500001001000000003000900010005001700019007000300036008003600039020002000075040002500095082003000120100002700150245012000177260004900297300003600346490001900382500006800401500007300469504003200542600004300574600002800617651003600645700002600681700002700707710003800734710005000772000027154DO-SdBNP20240520135929.0ta110330s2009 dr ac 000 0 spa d a 9789945850574  aDO-SdBNPbspacBPMSU 4a923.27293bD812A 20092221 aAyala Lafée, Cecilia13aLa familia de Juan Pablo Duarte en la Caracas de 1845-1890 /cCecilia Ayala Lafée, Werner Wilbert, Ariany Calles. aSanto Domingo :bInstituto Duartiano,c2009. a178 p. :bils.,retrs. ;c22 cm.0 aDocumental,v2 aIncluye datos biográficos de los autores en la contracubierta aIncluye referencias bibliográficas y notas al pie de las páginas aBibliografía : p. 175-17814aDuarte Díez, Juan Pablo, d1813-187614aDuarte y Diez (Familia)14aVenezuelavHistoria y1848-18901 aCalles, Arianyeautor1 aWilbert, Wernereautor aInstituto Duartiano de Venezuela 2 a Instituto Duartiano (República Dominicana)